00811nam a22002057a 4500003000500000005001700005008004100022010001000063011001000073035001000083040000900093110007800102245014100180260004300321300000900364490009400373650002400467650002000491830009400511CHAP20220329134714.0971013s1972 r 00010 d a24516 a25488 a29588 cCHAP aComité Estatal de Fomento y Defensa de la Ganadería. Hermosillo, Son. aZacates nativos en el estado de Sonorab: zacate navajita (Boutela gracilis) (H.B.K.) Log, zacate navajita peluda (Boutela hirsuta) Log. aHermosillo, Son. :bEl Comité,c1972 as.p. aComité Estatal de Fomento y Defensa de la Ganadería. Hermosillo, Son. Boletínv; 5014aBouteloua gracilis.14aPastosxSonora.0 aComité Estatal de Fomento y Defensa de la Ganadería. Hermosillo, Son. Boletínv; 50